| 000 | 00365nam a2200145Ia 4500 | ||
|---|---|---|---|
| 008 | 150201s1989 xx 000 0 und d | ||
| 082 |
_a617.63 _bC1989S |
||
| 100 | _aSCULLY,C.S. | ||
| 245 | _aCOLOUR ATLAS OF ORAL DISEASE | ||
| 250 | _a1ST | ||
| 260 |
_bLIPPINCOTT PUBLICATION _aPHILADELPHIA _c1989 |
||
| 300 | _a1-268 | ||
| 650 | _aORAL MEDICINE | ||
| 942 |
_2ddc _cBK |
||
| 999 |
_c3812 _d3812 |
||